Fifty U.S. States In 30 Seconds With Only A List - Statistics

General Stats
  • This quiz has been taken 159 times
  • The average score is 15 of 50
Answer Stats
State % Correct
Alaska
70%
California
60%
Alabama
56%
Arizona
54%
Arkansas
50%
Iowa
50%
Hawaii
48%
Colorado
46%
Florida
44%
Idaho
44%
Illinois
42%
Indiana
38%
Maine
38%
Ohio
38%
Washington
36%
Nevada
34%
New York
34%
Texas
34%
Georgia
32%
Montana
32%
Minnesota
30%
New Mexico
30%
Connecticut
28%
Delaware
28%
Louisiana
28%
New Jersey
28%
Oregon
28%
Utah
28%
Kansas
26%
Kentucky
26%
Missouri
26%
Nebraska
26%
Wyoming
26%
Maryland
24%
Massachusetts
24%
Michigan
22%
Pennsylvania
18%
Vermont
18%
Mississippi
16%
New Hampshire
16%
North Dakota
16%
South Carolina
14%
South Dakota
14%
Virginia
14%
Wisconsin
12%
North Carolina
10%
Rhode Island
10%
Tennessee
10%
Oklahoma
8%
West Virginia
8%
No matching quizzes found
Score Distribution
Percent of People with Each Score
Percentile by Number Answered
Your Score History
You have not taken this quiz